Design of Mechatronics Systems/ (Record no. 211907)

MARC details
000 -LEADER
fixed length control field 00676nam a2200229 4500
005 - DATE AND TIME OF LATEST TRANSACTION
control field 20250624112348.0
010 ## - LCCN (DPL NO)
LC control number ENG-145431
020 ## - INTERNATIONAL STANDARD BOOK NUMBER
International Standard Book Number 9789361633133
Terms of availability 220.00
035 ## - SYSTEM CONTROL NUMBER
System control number EN-128963
037 ## - SOURCE OF ACQUISITION
Source of stock number/acquisition DBAD
082 ## - DEWEY DECIMAL CLASSIFICATION NUMBER
Classification number 621
Edition number 1
100 ## - MAIN ENTRY--PERSONAL NAME
Personal name Arunkumar M
245 ## - TITLE STATEMENT
Title Design of Mechatronics Systems/
Statement of responsibility, etc Arunkumar M...[et.al]
250 ## - EDITION STATEMENT
Edition statement 1
260 ## - PUBLICATION, DISTRIBUTION, ETC. (IMPRINT)
Place of publication, distribution, etc Madurai
Name of publisher, distributor, etc Shanlax Publications
Date of publication, distribution, etc 2024
270 ## - ADDRESS
Address 61,66 Vasantha Nagar
City Madurai
Postal code 625003
Electronic mail address shanlaxpublications@gmail.com
300 ## - PHYSICAL DESCRIPTION
Extent 134p.
Dimensions 22cm(Pb)
700 ## - ADDED ENTRY--PERSONAL NAME
Personal name Prabhu T
9 (RLIN) 82256
700 ## - ADDED ENTRY--PERSONAL NAME
Personal name Kumaresan m
9 (RLIN) 82257
700 ## - ADDED ENTRY--PERSONAL NAME
Personal name Niveatha Saro V
9 (RLIN) 82258
942 ## - ADDED ENTRY ELEMENTS (KOHA)
Source of classification or shelving scheme Dewey Decimal Classification
Item type English Books
Classification part 621
Call number suffix ARU
Holdings
Withdrawn status Lost status Not for loan Collection code Home library Current library Date acquired Source of acquisition Cost, normal purchase price Full call number Barcode Copy number Cost, replacement price Koha item type
      Non-fiction Ashok Vihar Ashok Vihar 24/06/2025 Delivery of Books Act Division 220.00 621 ARU EN-128963 1 220.00 English Books

© Delhi Public Library
Hit Counter
free hit counter